00647nam a2200181Ia 4500952014900000999001700149003000400166005001700170008004100187020001800228040000900246082001800255100002600273245008400299260003100383300000900414942004200423 00102ddc40708HISTORYaMESbMEScHISd2019-02-20g3814.80l1m1o973.31 FRA/Ap37175r2022-09-01 00:00:00s2022-08-10w2019-02-20yBKzGL35R1 c21629d21629OSt20200707104029.0190216s9999||||xx |||||||||||||| ||und|| a9781851097036 coclc a973.31bFRA/A aFrank, Andrew K93588 0aAmerican Revolution People And Perspectives /cAndrew K Frank ; Peter C Mancall bAbc Clio,c2008.aEngland: a323p cBK2ddch973.31iFRA/Ak973.31mFRA/A